| 000 | 00795nam a2200253 a 4500 | ||
|---|---|---|---|
| 005 | 20241012063929.0 | ||
| 008 | 040428s2000 mx r 000 0 spa d | ||
| 020 | _a8495456249 | ||
| 035 | _aUPN01000133189 | ||
| 049 | _aCG | ||
| 050 | 4 |
_aHQ774 _bW3.7 |
|
| 100 | 1 | _aWarner, Penny | |
| 245 | 1 | 0 |
_aTu bebe juega y aprende : _b160 juegos y actividades de aprendizaje para los tres primeros años / _cPenny Warner ; tr. Elena Barrutia. |
| 260 |
_aBarcelona, Esp. : _bOniro, _c2000. |
||
| 300 | _a189 p. | ||
| 440 | 3 |
_aEl niño y su mundo ; _v18 |
|
| 534 |
_pTraducción de: _tBaby play and learn |
||
| 650 | 4 |
_aNiños _xSalud e higiene _94876 |
|
| 650 | 4 |
_aDesarrollo infantil _9176 |
|
| 650 | 4 |
_aJuegos educativos _93952 |
|
| 650 | 4 |
_aJuego _913796 |
|
| 905 | _aLibro | ||
| 999 |
_c105341 _d105341 |
||